000 01128nam a22003137a 4500
001 BR8005701
003 BR-BrBNA
005 20230928090746.0
007 ta
008 230509b bl.||||| |||| 00| 0 por d
040 _aBR-BrBNA
_bpor
_cBiblioteca Nacional de Agricultura
041 _a(Por)
072 _aH50
_b1440
_b3866
_b4350
090 _ 1440 BR8005701
100 1 _aNogueira, O.L.
110 1 _aUniversidade Federal do Ceara, Fortaleza (Brasil). Centro de Ciencias Agrarias. Depto. de Fitotecnia
_0Tese (Mestre em Fitotecnia)
245 1 _aDeficiencia de micronutrientes essenciais e toxidez de aluminio e manganes em feijao-de-corda, Vigna sinensis (L.)Savi
260 3 _aFortaleza, CE (Brasil):
_c1980.
300 _a60 p.
500 _aSummary (Por); 14 illus.; Bibliography p. 44-51 (70 ref.). (*) Documento disponível na(o) Universidade Federal do Ceara, Fortaleza (Brazil)
650 _aFEIJAO DE CORDA
650 _aMICROELEMENTO
650 _aALUMINIO
650 _aMANGANES
650 _aTOXIDEZ
650 _aDEFICIENCIA NUTRICIONAL
909 _a202309
_bLucia
_c55
_dLucia Elande
942 _cBK
999 _c30385
_d30385